Zostavenie účtovnej závierky - teoretický základ

Základné predpoklady pre existenciu účtovníctva. Účel účtovníctva vo vzťahu k cieľu účtovnej závierky. Obsah účtovníctva z časového hľadiska. Kvalitatívne charakteristiky informácií z účtovnej závierky.

Gespeichert in:
Bibliographische Detailangaben
1. Verfasser: Mráziková, Janka
Format: Buchkapitel
Sprache:Slowakisch
Schlagworte:
Tags: Tag hinzufügen
Keine Tags, Fügen Sie das erste Tag hinzu!

MARC

LEADER 00000naa a2200000 4500
001 0179469
005 20231120124446.8
041 0 |a slo 
044 |a SK 
245 1 0 |a Zostavenie účtovnej závierky - teoretický základ  |c Janka Mráziková 
520 |a Základné predpoklady pre existenciu účtovníctva. Účel účtovníctva vo vzťahu k cieľu účtovnej závierky. Obsah účtovníctva z časového hľadiska. Kvalitatívne charakteristiky informácií z účtovnej závierky. 
610 2 0 |a jednotka účtovná 
610 2 0 |a závierka účtovná 
610 2 0 |a závierka účtovná konsolidovaná 
610 2 0 |a účtovníctvo 
610 2 0 |a informácie účtovné 
100 1 |a Mráziková, Janka